| 000 | 00623nam a2200193Ia 4500 | ||
|---|---|---|---|
| 005 | 20250423094947.0 | ||
| 008 | 250422s9999 xx 000 0 und d | ||
| 020 | _a9781118873656 | ||
| 050 | _aQH 585.2 .F74/ | ||
| 100 | _aFreshney, R. Ian | ||
| 245 | 0 | _aCulture of animal cells : a manual of basic technique and specialized applications | |
| 250 | _a7th ed. | ||
| 260 | _aNew Jersy | ||
| 260 | _bWILEY Blackwel | ||
| 260 | _c2016 | ||
| 300 | _a684 p | ||
| 650 | _a Tissue culture--Laboratory manuals. Cell culture--Laboratory manuals. Cells, Cultured. Culture Techniques--methods. | ||
| 942 | _cBK | ||
| 999 |
_c28815 _d28815 |
||